00287nam a2200109 4500008004100000100001800041245004900059260000900108300001300117650003600130773001100166190723b ||||| |||| 00| 0 eng d aMuniraju S.B. aSocial inclusion: strategies and way forward c2019 ap.39-45. aSocial and economic development aYojana